NLSUI OPAC header image

The Chambers of dictionary (Record no. 8855)

MARC details
000 -LEADER
fixed length control field 00352nam a2200157Ia 4500
008 - FIXED-LENGTH DATA ELEMENTS--GENERAL INFORMATION
fixed length control field 160316s1995 xxu||||| |||| 00| 0 eng d
082 ## - DEWEY DECIMAL CLASSIFICATION NUMBER
Classification number 423.000000
Item number
100 ## - MAIN ENTRY--PERSONAL NAME
Personal name
245 ## - TITLE STATEMENT
Title The Chambers of dictionary
250 ## - EDITION STATEMENT
Edition statement
260 ## - PUBLICATION, DISTRIBUTION, ETC.
Place of publication, distribution, etc. New Delhi
Name of publisher, distributor, etc. Allied Chambers Ltd.
Date of publication, distribution, etc. 1995
300 ## - PHYSICAL DESCRIPTION
Extent 2062
Other physical details
Dimensions
365 ## - TRADE PRICE
Price amount 400/-
650 ## - SUBJECT ADDED ENTRY--TOPICAL TERM
Topical term or geographic name entry element
700 ## - ADDED ENTRY--PERSONAL NAME
Personal name
--
Holdings
Withdrawn status Lost status Source of classification or shelving scheme Damaged status Not for loan Home library Current library Shelving location Date acquired Cost, normal purchase price Total Checkouts Full call number Barcode Date last seen Price effective from Koha item type
    Dewey Decimal Classification     . .   30.05.2017 400.00   423 CAM 9119 30.05.2017 30.05.2017 BOOKs